| 000 | 00596nam a22002177a 4500 | ||
|---|---|---|---|
| 003 | OSt | ||
| 005 | 20160707153507.0 | ||
| 008 | 160614b xxu||||| |||| 00| 0 eng d | ||
| 020 | _a9780702029172 | ||
| 040 | _cDNLM | ||
| 082 | _aQZ50 T849e 2007 | ||
| 100 |
_aTurnpenny, Peter; Ellard, Sian _99396 |
||
| 245 | _aEmery's Elements of Medical Genetics | ||
| 250 | _a13th ed. | ||
| 260 |
_aEdinburgh; _b Elsevier _c2007. |
||
| 300 |
_axii,423p; _bcol.ill: _c28cm. |
||
| 504 | _aAppendice, & index included | ||
| 650 |
_aHuman Genetics _99397 |
||
| 650 |
_aBody cells _99398 |
||
| 942 |
_2z _cO_SHELF |
||
| 999 |
_c4665 _d4665 |
||